Wuppertaler Schwebebahn - Statistiken

Allgemein
  • Dieses Quiz wurde 62 mal gespielt
  • Das Durchschnittsergebnis liegt bei 14 aus 24
Antwortstatistiken
Hint Antwort % Korrekt
Um welches Tier handelte es sich hierbei? Asiatische Elefantenkuh
96%
Wie heißt die erste Station, die gleichzeitig auch Endstation, Depot und Hauptwerkstätte ist? Vohwinkel Schwebebahn
86%
Wie heißt Station Oberbarmen Bahnhof
84%
1950 wurde für Werbezwecke ein Tier in der Schwebebahn transportiert., aus der sie panisch ausbrach und in die Wupper stürzte- Wie heißt das Tier? Tuffi
80%
Wie heißt Station 11? Hauptbahnhof (Döppersberg)
78%
Wie heißt Station 5? Zoo/Stadion
78%
Wie heißt der Wagen aus dem Jahr 1900, der bis heute für Stadtrundfahrten mit Kaffee und Kuchen im Einsatz ist? Kaiserwagen
76%
Wie heißt Station 13? Landgericht
59%
Wie heißt Station 17? Alter Markt
57%
Wie heißt Station 12? Kluse
57%
Wie heißt Station 9? Robert-Daum-Platz
57%
Wie heißt Station 16? Adlerbrücke (Opernhaus)
55%
Wie heißt Station 8? Pestalozzistraße
51%
Wie heißt Station 2? Bruch
49%
Wie heißt Station 3? Hammerstein
49%
Wie heißt Station 19? Wupperfeld
49%
Wie heißt Station 15? Loher Brücke (Junior-Uni)
47%
Wie heißt Station 10? Ohligsmühle
47%
Wie heißt Station 18? Werther Brücke
45%
Wie heißt Station 7? Westende
45%
Wie heißt Station 4? Sonnborner Straße
39%
Wie heißt Station 6? Varresbecker Straße
33%
Wie heißt Station 14? Völklinger Straße
33%
Wie lautet der technische Name dieses Gefährts? Hochbahn
8%
Keine übereinstimmenden Quizze gefunden
Verteilung der Resultate
Anzahl Personen mit jedem Resultat
Perzentil nach korrekt beantworteten Fragen
Ihre Resultats-Entwicklung
Sie haben dieses Quiz noch nicht gespielt